Practicing the power of now : (Record no. 592608)
[ view plain ]
| 000 -LEADER | |
|---|---|
| fixed length control field | 01223cam a22002654a 4500 |
| 001 - CONTROL NUMBER | |
| control field | 12417073 |
| 005 - DATE AND TIME OF LATEST TRANSACTION | |
| control field | 20221206132224.0 |
| 008 - FIXED-LENGTH DATA ELEMENTS--GENERAL INFORMATION | |
| fixed length control field | 010522s1999 cau 000 0 eng |
| 010 ## - LIBRARY OF CONGRESS CONTROL NUMBER | |
| LC control number | 2001003028 |
| 020 ## - INTERNATIONAL STANDARD BOOK NUMBER | |
| International Standard Book Number | 1577311957 (alk. paper) |
| 040 ## - CATALOGING SOURCE | |
| Original cataloging agency | DLC |
| Transcribing agency | DLC |
| Modifying agency | DLC |
| 042 ## - AUTHENTICATION CODE | |
| Authentication code | pcc |
| 050 00 - LIBRARY OF CONGRESS CALL NUMBER | |
| Classification number | BL624 |
| Item number | .T645 1999 |
| 082 00 - DEWEY DECIMAL CLASSIFICATION NUMBER | |
| Classification number | 204.4,TOL |
| Edition number | 21 |
| 100 1# - MAIN ENTRY--PERSONAL NAME | |
| Personal name | Tolle, Eckhart, |
| Dates associated with a name | 1948- |
| 9 (RLIN) | 11089 |
| 245 10 - TITLE STATEMENT | |
| Title | Practicing the power of now : |
| Remainder of title | essential teachings, meditations, and exercises from The power of now / |
| Statement of responsibility, etc. | Eckhart Tolle. |
| 260 ## - PUBLICATION, DISTRIBUTION, ETC. | |
| Place of publication, distribution, etc. | Novato, Calif. : |
| Name of publisher, distributor, etc. | New World Library ; |
| Place of publication, distribution, etc. | [Berkly, CA] : |
| Name of publisher, distributor, etc. | Distributed to the trade by Publishers Group West, |
| Date of publication, distribution, etc. | c1999 |
| Date of manufacture | (2001 printing). |
| 300 ## - PHYSICAL DESCRIPTION | |
| Extent | 142 p. ; |
| Dimensions | 19 cm. |
| 505 0# - FORMATTED CONTENTS NOTE | |
| Formatted contents note | Introduction by Eckhart Toll (Page-1), Part One: Accessing the power of now (Page-7), Part II: Relationship as Spritual Practice (Page-65), Part III: Acceptance and Surrender (Page-95), |
| 650 #0 - SUBJECT ADDED ENTRY--TOPICAL TERM | |
| Topical term or geographic name entry element | Spiritual life. |
| 700 1# - ADDED ENTRY--PERSONAL NAME | |
| Personal name | Tolle, Eckhart, |
| Dates associated with a name | 1948- |
| Title of a work | Power of now. |
| 9 (RLIN) | 104252 |
| 906 ## - LOCAL DATA ELEMENT F, LDF (RLIN) | |
| a | 7 |
| b | cbc |
| c | orignew |
| d | 1 |
| e | ecip |
| f | 20 |
| g | y-gencatlg |
| 942 ## - ADDED ENTRY ELEMENTS (KOHA) | |
| Source of classification or shelving scheme | |
| Koha item type | Book |
| Call number prefix | 204.4,TOL |
| Withdrawn status | Lost status | Source of classification or shelving scheme | Damaged status | Not for loan | Permanent Location | Current Location | Shelving location | Date acquired | Total Checkouts | Full call number | Barcode | Date last seen | Date last checked out | Price effective from | Koha item type | Public note |
|---|---|---|---|---|---|---|---|---|---|---|---|---|---|---|---|---|
| Military College of Signals (MCS) | Military College of Signals (MCS) | General Stacks | 12/06/2022 | 1 | 204.4,TOL | MCS37894 | 03/06/2023 | 02/28/2023 | 12/06/2022 | Book | Almirah No.46, Shelf No.6 |
